000
00312nam a2200133Ia 4500
100
_a
Bapat/ Y.N.
942
_c
BK
654
_a
problems
245
_a
Theory and problems in Microelectronics
260
_b
Tata Mc Graw hill
_a
New Delhi
_c
1995
082
_a
621.3815
_b
BAP
300
_a
378
546
_a
ENGLISH
999
_c
30862
_d
30862